| 000 | 01193cam a2200217 4500 | ||
|---|---|---|---|
| 001 | L136027 | ||
| 008 | 070103n2006 000 0 eng u | ||
| 035 | _a(Sirsi) u136027 | ||
| 041 | 0 | _aeng | |
| 110 | 2 |
_aNelson Bakewell _92525 |
|
| 245 | 0 | 0 |
_aNelson Bakewell and IPD Occupiers _blease lengths _bhas the tide turned? |
| 260 |
_aLondon _bNelson Bakewell _c2006 |
||
| 520 | _aLooks at data on leases and investigates the link between the length of leases and the quality of property. Discusses whether the balance is swinging in the landlord's favour due to supply and demand, and whether the proposed Stamp Duty Land Tax is affecting lease terms. Concludes that trend in shorter lease lengths is slowing and in some cases reversing. Tables illustrate the changes in average lease length by sector 1999 - 2005, and the average lease length by market segment and yield band in 2005. | ||
| 590 | _aKA NTK | ||
| 650 | 2 | 4 | _aSTAMP DUTY LAND TAX |
| 651 | 4 |
_aUnited Kingdom _y |
|
| 690 | _aLANDLORD AND TENANT-BUSINESS TENANCIES | ||
| 710 | 2 |
_aIPD Occupiers _95090 |
|
| 856 | 4 | 0 |
_uhttps://www.nelson-bakewell.com/ _zView the item free of charge at http://www.nelson-bakewell.com/... |
| 942 | _n0 | ||
| 999 |
_c106291 _d106291 |
||